| 000 | 00339nam a22001337a 4500 | ||
|---|---|---|---|
| 020 | _a9781471119125 | ||
| 040 | _cNUST | ||
| 082 | _a823-CH RUS | ||
| 100 | _aRussell, Rachel Renée | ||
| 245 | _a Dork Diaries Skating Sensation | ||
| 260 |
_aLondon: _bSimon & Schuster Children's, _c2011. |
||
| 650 | _aEnglish Fiction | ||
| 942 |
_2ddc _cBK |
||
| 999 |
_c593662 _d593662 |
||